| 000 | 00535cam a2200193 4500 | ||
|---|---|---|---|
| 001 | D15474 | ||
| 008 | 090401t1978 xxu||||| |||| 00| 0 eng d | ||
| 035 | _a(Sirsi) u23071 | ||
| 041 | _aeng | ||
| 050 | _a639.12861 | ||
| 110 |
_aRoyal Institution of Chartered Surveyors _bScottish Branch _9830 |
||
| 245 | _aHeather management for grouse and sheep. Issued by the Scottish Branch of RICS | ||
| 260 |
_bRICS _c1978 |
||
| 300 | _a2. 12p. 30cm | ||
| 350 | _a0 | ||
| 520 | _aFiled in box 1978/42A | ||
| 942 | _n0 | ||
| 948 | _c04/03/1997 | ||
| 999 |
_c88313 _d88313 |
||